| 000 -LEADER |
| fixed length control field |
00335nam a2200109 4500 |
| 082 ## - DEWEY DECIMAL CLASSIFICATION NUMBER |
| Classification number |
R064x54 In2/.1990 |
| 100 ## - MAIN ENTRY--PERSONAL NAME |
| Personal name |
India. Ministry of Labour. Labour Bureau |
| 9 (RLIN) |
1875 |
| 245 ## - TITLE STATEMENT |
| Title |
Indian labour year book 1990 |
| Statement of responsibility, etc |
by Labour Bureau. Ministry of Labour. |
| 260 ## - PUBLICATION, DISTRIBUTION, ETC. (IMPRINT) |
| Place of publication, distribution, etc |
Chandigarh |
| Name of publisher, distributor, etc |
Government of India |
| Date of publication, distribution, etc |
1990 |
| 300 ## - PHYSICAL DESCRIPTION |
| Extent |
283p. |
| 942 ## - ADDED ENTRY ELEMENTS (KOHA) |
| Source of classification or shelving scheme |
|